| 000 | 00533 a2200169 4500 | ||
|---|---|---|---|
| 999 |
_c3702 _d3702 |
||
| 020 | _a 9780415858397 | ||
| 050 | _aML 3800 PHI 2014 | ||
| 245 |
_aThe Routledge companion to philosophy and music / _cedited by Theodore Gracyk and Andrew Kania |
||
| 264 |
_aNew York : _bRoutledge, _c2014 |
||
| 300 |
_axxiv, 654p, : _bill. |
||
| 440 | _aRoutledge companions to philosophy | ||
| 500 | _aIncludes index | ||
| 650 | _aMusic | ||
| 700 |
_aGracyk, Theodore _eeditor |
||
| 700 |
_aKania, Andrew _eeditor |
||
| 942 |
_2lcc _cBK _h3800 _iPHI _kML |
||